Engineering Mechanics :Statics and Dynamics, (Record no. 586664)

000 -LEADER
fixed length control field 00408nam a22001457a 4500
020 ## - INTERNATIONAL STANDARD BOOK NUMBER
International Standard Book Number 9789332584747
040 ## - CATALOGING SOURCE
Transcribing agency NUST
082 ## - DEWEY DECIMAL CLASSIFICATION NUMBER
Classification number 620.1 HUB
100 ## - MAIN ENTRY--PERSONAL NAME
Personal name Hibbeler, R.C
9 (RLIN) 1019
245 ## - TITLE STATEMENT
Title Engineering Mechanics :Statics and Dynamics,
Remainder of title In SI Units
250 ## - EDITION STATEMENT
Edition statement 14TH
260 ## - PUBLICATION, DISTRIBUTION, ETC.
Place of publication, distribution, etc. INDIA:
Name of publisher, distributor, etc. PEARSON EDUCATION:
Date of publication, distribution, etc. 2017.
650 ## - SUBJECT ADDED ENTRY--TOPICAL TERM
Topical term or geographic name entry element Engineering Mechanics :Statics and Dynamics
9 (RLIN) 63421
942 ## - ADDED ENTRY ELEMENTS (KOHA)
Source of classification or shelving scheme
Koha item type Book
Holdings
Withdrawn status Lost status Source of classification or shelving scheme Damaged status Not for loan Permanent Location Current Location Shelving location Date acquired Total Checkouts Total Renewals Full call number Barcode Checked out Date last seen Date last checked out Price effective from Koha item type
          College of Electrical & Mechanical Engineering (CEME) College of Electrical & Mechanical Engineering (CEME) General Stacks 11/08/2021 2 1 620.1 HIB CEME-46183 03/15/2026 02/13/2026 02/13/2026 11/08/2021 Book
          College of Electrical & Mechanical Engineering (CEME) College of Electrical & Mechanical Engineering (CEME) General Stacks 12/22/2022 1   620.1 HUB CEME-46183-A   01/27/2026 12/22/2022 12/22/2022 Book
© 2023 Central Library, National University of Sciences and Technology. All Rights Reserved.